Like a Prayer - Madonna (All Lyrics) - Statistics

General Stats
  • This quiz has been taken 1,065 times
  • The average score is 271 of 316
Answer Stats
Lyrics % Correct
a
100%
I
99%
like
99%
Like
99%
my
98%
prayer.
98%
prayer,
98%
you
98%
it
97%
the
97%
an
96%
When
96%
call
95%
hear
95%
name.
95%
name,
95%
feel
94%
it's
94%
It's
94%
take
94%
there.
94%
on
92%
your
92%
And
91%
and
91%
is
91%
can
90%
little
90%
down
89%
feels
89%
Feels
89%
Just
89%
knees,
89%
I'm
88%
Life
87%
voice.
87%
voice
87%
In
86%
in
86%
mystery.
85%
home.
84%
me.
84%
me
84%
me,
84%
wanna
83%
angel
81%
midnight
81%
alone.
80%
Everyone
80%
stand
78%
hour,
77%
must
76%
power.
75%
no
74%
No
74%
I'll
68%
to
68%
know
67%
have
64%
dream.
62%
dream,
62%
Heaven,
60%
choice.
59%
choice,
59%
eyes.
58%
Oh
57%
close
56%
flying.
55%
help
55%
God,
54%
are
52%
sighin'.
52%
sing.
52%
fallin'.
50%
of
50%
think
50%
You're
50%
Out
49%
beginning.
47%
end
47%
sky.
47%
child,
45%
child.
45%
Let
44%
choir
41%
here
41%
whisper
40%
with
39%
Now
38%
softly
38%
what
36%
control.
35%
not
34%
dancing.
33%
seem.
32%
muse
21%
No matching quizzes found
Score Distribution
Percent of People with Each Score
Percentile by Number Answered
Your Score History
You have not taken this quiz